000 00649nam a2200277Ia 4500
005 20260324131657.0
008 008 260324s9999 xx 000 0 eng d
020 _a9781843926900
037 _aEBOOK
040 _aCRL
040 _beng
040 _cCRL
041 _2eng
041 _aeng
084 _qCRL
100 _aDoug Badger; P.A.J Waddington; Ray Bull
_91186402
245 4 _aThe Violent Workplace
260 _bTaylor and Francis
260 _c2006
365 _a
365 _b230
856 _uhttp://www.taylorfrancis.com/books/9781843926900
942 _cEBOOK
999 _c1783800
_d1783800